|
|
|
|
| LEADER |
00000nas a2200000 a 4500 |
| 001 |
ssj0001454070 |
| 003 |
WaSeSS |
| 005 |
20200512172242.0 |
| 006 |
m d |
| 007 |
cr n |
| 008 |
060322c20059999nyuuu p s 0 a0eng |
| 010 |
|
|
|a 2006208921
|
| 016 |
7 |
|
|a 101277155
|2 DNLM
|
| 022 |
|
|
|l 1936-444X
|y 1936-444X
|
| 035 |
|
|
|a (WaSeSS)ssj0001454070
|
| 040 |
|
|
|a DLC
|b eng
|c DLC
|d DLC
|d NSD
|d NLM
|d OCLCQ
|d OCLCF
|d OCLCO
|d OCLCQ
|d CUS
|d WaSeSS
|
| 042 |
|
|
|a pcc
|a nsdp
|
| 050 |
0 |
0 |
|a QP519.9.M3
|b B52
|
| 060 |
0 |
0 |
|a W1
|b BI852RA
|
| 082 |
0 |
0 |
|a 574.19285
|
| 222 |
|
0 |
|a Biomacromolecular mass spectrometry
|
| 245 |
0 |
0 |
|a Biomacromolecular mass spectrometry
|h [electronic resource].
|
| 246 |
1 |
3 |
|a BMMS
|
| 260 |
|
|
|a Hauppauge, NY :
|b Nova Science Publishers,
|c ©2005-
|
| 362 |
0 |
|
|a Vol. 1, no. 1 (2005)-
|
| 500 |
|
|
|a Title from cover.
|
| 506 |
|
|
|a License restrictions may limit access.
|
| 588 |
|
|
|a Latest issue consulted: Vol. 1, no. 2 (2007).
|
| 650 |
|
0 |
|a Mass spectrometry
|v Periodicals.
|
| 650 |
|
0 |
|a Biomolecules
|v Periodicals.
|
| 650 |
1 |
2 |
|a Mass Spectrometry.
|
| 650 |
|
7 |
|a Biomolecules.
|2 fast
|0 (OCoLC)fst00832624
|
| 650 |
|
7 |
|a Mass spectrometry.
|2 fast
|0 (OCoLC)fst01011435
|
| 655 |
|
0 |
|a Electronic journals.
|
| 710 |
2 |
|
|a Nova Science Publishers.
|
| 850 |
|
|
|a DLC
|
| 856 |
4 |
0 |
|z Full text available from Research Library: 01/01/2011 to 01/31/2014
|u https://search.proquest.com/publication/2034890
|